歴代宝塚記念優勝馬 - Statistics

General Stats
  • This quiz has been taken 49 times
    22 since last reset
  • The average score is 25 of 66
Answer Stats
Hint Answer % Correct
2000 テイエムオペラオー
100%
2006 ディープインパクト
94%
2012 オルフェーヴル
89%
2013 ゴールドシップ
89%
2014 ゴールドシップ
89%
1996 マヤノトップガン
83%
1998 サイレンススズカ
83%
1999 グラスワンダー
83%
2023 イクイノックス
83%
2025 メイショウタバル
83%
2001 メイショウドトウ
78%
1993 メジロマックイーン
72%
1991 メジロライアン
67%
2020 クロノジェネシス
67%
2021 クロノジェネシス
67%
2022 タイトルホルダー
67%
1988 タマモクロス
61%
1989 イナリワン
61%
1992 メジロパーマー
61%
2002 ダンツフレーム
61%
1994 ビワハヤヒデ
56%
2003 ヒシミラクル
56%
2005 スイープトウショウ
56%
2009 ドリームジャーニー
56%
2017 サトノクラウン
56%
2019 リスグラシュー
56%
1997 マーベラスサンデー
50%
2010 ナカヤマフェスタ
50%
1984 カツラギエース
44%
2018 ミッキーロケット
44%
1965 シンザン
39%
1977 トウショウボーイ
39%
2004 タップダンスシチー
39%
2024 ブローザホーン
39%
1995 ダンツシアトル
33%
2015 ラブリーデイ
33%
2007 アドマイヤムーン
28%
2011 アーネストリー
28%
2016 マリアライト
28%
1974 ハイセイコー
22%
1990 オサイチジョージ
22%
1970 スピードシンボリ
17%
2008 エイシンデピュティ
17%
1962 コダマ
11%
1971 メジロムサシ
11%
1973 ハマノパレード
11%
1960 ホマレーヒロ
6%
1961 シーザー
6%
1978 エリモジョージ
6%
1987 スズパレード
6%
1963 リユウフオーレル
0%
1964 ヒカルポーラ
0%
1966 エイトクラウン
0%
1967 タイヨウ
0%
1968 ヒカルタカイ
0%
1969 ダテホーライ
0%
1972 ショウフウミドリ
0%
1975 ナオキ
0%
1976 フジノパーシア
0%
1979 サクラショウリ
0%
1980 テルテンリュウ
0%
1981 カツアール
0%
1982 モンテプリンス
0%
1983 ハギノカムイオー
0%
1985 スズカコバン
0%
1986 パーシャンボーイ
0%
No matching quizzes found
Score Distribution
Percent of People with Each Score
Percentile by Number Answered
Your Score History
You have not taken this quiz since the last reset